00000000nam##2200000za#4500
0019.579811
003CaOODSP
00520210624190735
007cr |||||||||||
008150406|2001||||xxc|||||o    f|0| 0 eng|d
040 |aCaOODSP|beng
043 |an-cn---
0861 |aEn163-1/10E-PDF
1101 |aCanada. |bEnvironment Canada. |bOntario Region.
24510|aHealth & safety procedures for contaminated sites |h[electronic resource]
260 |aDownsview - Ontario : |bEnvironment Canada.
300 |a3p.|breferences
4901 |aTABs on contaminated sites |vTAB #10
590 |a14-13-Supp|b2014-06-23
69007|aPollution|2gcpds
69007|aPublic safety|2gcpds
69007|aWorkplace safety|2gcpds
77508|tProcédures de santé et de sécurité visant les lieux contaminés |w(CaOODSP)9.607066
830#0|aTABs on contaminated sites ;|vTAB #10|w(CaOODSP)9.507838
85640|ahttp://publications.gc.ca|qPDF|s84 KB|uhttps://publications.gc.ca/collections/collection_2014/ec/En163-1-10-eng.pdf|yTAB #10